| 000 | 00744nam a2200241Ia 4500 | ||
|---|---|---|---|
| 003 | OSt | ||
| 005 | 20220926022332.0 | ||
| 006 | a|||||r|||| 00| 0 | ||
| 007 | ta | ||
| 008 | 220923b |||||||| |||| 00| 0 eng d | ||
| 037 | _cGeneral Book | ||
| 040 |
_aRTL _cRTL _beng |
||
| 041 |
_2eng _aeng |
||
| 082 | _aX9(NH).931.N5, J4/UN | ||
| 100 |
_aRisley Mary Kring _9327635 |
||
| 245 | 0 | _aCeramic industry in the Philippines | |
| 260 |
_aNew York _bUnited Nations U S A _c1954 |
||
| 300 |
_a22p. _ccm. |
||
| 490 | _aUnited Nations, Technical Assistance Programme, Publication | ||
| 650 |
_aHandicrafts Art Industry _9249266 |
||
| 942 |
_hX9(NH).931.N5, J4/UN _cGB _2CC |
||
| 999 |
_c639204 _d639204 |
||